00470nam a2200145Ia 4500008004100000020001800041082001200059100002400071245003600095260002000131500002100151942000700172952013000179999001500309260604s9999 xx 000 0 und d a9781641731533 a658 DRA aBianca drake935733 0aIntroduction to Time Management bLarsen & Keller aManagement, Time cBK 00104070aIIMVbIIMVcREFERENCEd2026-06-04g8860.50l0o658 DRAp004177r2026-06-04 10:20:45v8860.50w2026-06-04yBKBDRA c8559d8559